Представление документа в формате RUSMARC

ПолеНазваниеЗначение
  Тип записи a
  Библиографический уровень m
001 Контрольный номер RU/REG73/CBS_GRAD/eb890aecb1ed4cbfb0cf43df873f695d
005 Дата корректировки 20260220101741.8
010 Индекс ISBN __
b Уточнения в пер.
9 Тираж 100000 экз.
a ISBN 5-09-003309-9
100 Данные общей обработки __
a Данные общей обработки 20260217d1993 u y0rusy0189## ca
101 Язык документа 0_
a Язык текста rus
102 Страна публикации __
a Страна публикации RU
105 Кодированные данные (монография) __
a Кодированные данные (монография) a z 000yy
200 Заглавие и сведения об ответственности 1_
a Заглавие Сюжеты и образы древнерусской живописи
f Первые сведения об ответственности Н. А. Барская
g Последующие сведения об ответственности редактор Н. В. Евстигнеева
203 Вид содержания и тип средства __
a Вид содержания Текст
b Характеристика содержания визуальный
c Тип средства непосредственный
210 Выходные данные 1_
a Место издания Москва
c Издательство Просвещение
d Дата издания 1993
215 Физическое описание __
a Объем 223 с.
d Формат 21 см
c Иллюстрации/тип воспроизводства ил.
606 Тематические рубрики 0_
a Основная рубрика История живописи
610 Ключевые слова 0_
a Ключевые слова искусство; живопись ; история живописи
686 Индексы других классификаций __
a Классификационный индекс 85.143(2)
2 Код системы rubbk
700 Автор _1
a Фамилия Барская
b Имя (инициалы) Н. А.
g Полное личное имя Наталья Абрамовна
4 Код отношения 070
702 Вторичная интеллектуальная ответственность _1
a Фамилия Евстигнеева
b Имя (инициалы) Н. В.
4 Код отношения 340
801 Источник записи _0
a Страна RU
b Организация RuCBSGrad
c Дата составления 20260217
g Правила каталогизации RCR
801 Источник записи _1
a Страна RU
b Организация RuCBSGrad
c Дата составления 20260217
g Правила каталогизации RCR
852 Данные о местонахождении __
z Тип записи R
a Наименование организации МБУК "ЦБС г.Дитмитровграда"
i Авторский знак Б 26
901 Тип документа __
t Тип документа m
909 Создатель записи __
b Дата создания записи 20260217
a Создатель записи Терехова